• 首页
  • 本馆介绍
  • 公告通知
  • 最新文献
  • 馆藏检索
  • 电子资源
  • 读者导购
  • 参考咨询
  • 我的图书馆
  • 登录
  • 详细信息显示
  • 放入我的书架
  • 预约/预借图书
  • 作者相关作品
  • 分类相关作品
  • 丛书相关作品
  • 出版社相关作品

书目信息

  • 表格格式
  • 工作单格式
  • 卡片格式
题名:
印染助剂
    
 
作者: 邢凤兰, , 徐群 , 贾丽华 编著
分册:  
出版信息: 北京   化学工业出版社  2008
页数: 386页
开本: 24cm
丛书名: 新领域精细化工丛书
单 册:
中图分类: TS190.2 , TQ610.4
科图分类:
主题词: 印染助剂--yin ran zhu ji
电子资源:
ISBN: 978-7-122-02131-1
000 01359cam 2200325 450
001 012001000870
005 20191108084432.43
010    @a978-7-122-02131-1@dCNY58.00
099    @aCAL 012008106656
100    @a20080616d2008 ekmy0chiy0120 ea
101 0  @achi
102    @aCN@b110000
105    @aak a 000yy
106    @ar
200 1  @a印染助剂@Ayin ran zhu ji@f邢凤兰, 徐群, 贾丽华等编著
205    @a第2版
210    @a北京@c化学工业出版社@d2008
215    @a386页@c图@d24cm
225 2  @a新领域精细化工丛书@Axin ling yu jing xi hua gong cong shu
320    @a有书目
330    @a本书在介绍纺织用各种纤维、表面活性剂和高分子化合物等知识的基础上, 按前处理过程、印染过程和后整理加工过程分别叙述了纺织印染加工过程中的各类助剂. 其中包括染料、精练剂、润湿剂与渗透剂、起泡剂、稳泡剂、消泡剂等. 个体介绍了各种助剂的化学结构、生产方法及工艺路线, 同时对有关理论和实际应用情况进行了说明.
410  0 @12001@@a新领域精细化工丛书
606 0  @a印染助剂@Ayin ran zhu ji
690    @aTS190.2@v4
690    @aTQ610.4@v4
701  0 @a邢凤兰,@AXing Fenglan@f1959-@4编著@3CAL n2004258723#@7jt0yjt0y@7ec0yec0y
701  0 @a徐群@AXu Qun@c(化工)@4编著@3CAL n2004465831#@7jt0yjt0y@7ec0yec0y
701  0 @a贾丽华@AJia Lihua@4编著@3CAL n2004245528#@7jt0yjt0y@7ec0yec0y
801  0 @aCN@b北京卓展文化@c20191020
905    @b1197029-32@dTS190.2@e11=2@f4
    
    印染助剂/邢凤兰, 徐群, 贾丽华等编著.-第2版.-北京:化学工业出版社,2008
    386页:图;24cm.-(新领域精细化工丛书)
    
    
    ISBN 978-7-122-02131-1:CNY58.00
    本书在介绍纺织用各种纤维、表面活性剂和高分子化合物等知识的基础上, 按前处理过程、印染过程和后整理加工过程分别叙述了纺织印染加工过程中的各类助剂. 其中包括染料、精练剂、润湿剂与渗透剂、起泡剂、稳泡剂、消泡剂等. 个体介绍了各种助剂的化学结构、生产方法及工艺路线, 同时对有关理论和实际应用情况进行了说明.
●
相关链接 在E读中查询图书 在五车中查询图书 在当当中查询图书 在豆瓣中查询图书


正题名:印染助剂     索取号:TS190.2/11=2         预约/预借

序号 登录号 条形码 馆藏地/架位号 状态 备注
1 1197029   211970296   第二样本阅览室/ [索取号:TS190.2/11=2] 在馆    
2 1197030   211970303   第三借阅区/ [索取号:TS190.2/11=2] 在馆    
3 1197031   211970312   第三借阅区/ [索取号:TS190.2/11=2] 在馆    
4 1197032   211970321   第三借阅区/ [索取号:TS190.2/11=2] 在馆    
唐山师范学院图书馆 欢迎您!
大连网信软件有限公司© 版权所有